Seti EBM: protokoly, standarty, interfejsy /

Gespeichert in:
Bibliographische Detailangaben
1. Verfasser: Black, Uyless (Verfasst von)
Format: Buch
Sprache:Russisch
Veröffentlicht: Moskva : Mir, 1990
Schlagworte:
Tags: Tag hinzufügen
Keine Tags, Fügen Sie das erste Tag hinzu!

MARC

LEADER 00000nam a22000003a 4500
001 stu34793
005 20150617225729.2
008 920326s1990----xxr-----------------rus-d
040 |a STU  |b slo 
041 0 |a rus 
044 |a xxr 
080 |a 681.3 
100 1 |a Black, Uyless  |4 aut 
245 1 |a Seti EBM: protokoly, standarty, interfejsy /  |c [aut.]Uyless Black; Z angl. kol 
260 |a Moskva :  |b Mir,  |c 1990 
300 |a 510 s 
650 7 |a počítače  |2 stusub 
996 |b 284M055345  |c M*7490-1  |l MMKN  |s A  |a 24  |w stu34793_0001